Представление документа в формате MARC21

Поле Инд. ПП Название Значение
Тип записи a
Библиографический уровень m
001 Контрольный номер RU/IS/BASE/264547318
005 Дата корректировки 20250401105218.0
008 Кодируемые данные 19971031
040 00 e Правила каталог. Л.М. 971031
084 a Индекс другой классификации/Индекс ББК 84(2=411.2)52-5; 84(2=411.2)52-51
090 00 a Полочн. индекс 84(2=411.2)52-5
x Авторский знак С 494
097 00 a 230
100 10 a Автор Случевский К. К.
q Полное имя Случевский Константин Константинович
245 00 a Заглавие Стихотворения и поэмы
c Ответственность подготовка текста, вступительная статья, примечания А. Федорова
250 00 a Основные сведения об издании 2-е изд.
260 00 a Место издания Москва;Ленинград
c Дата издания 1962
300 00 a Объем 466 с.
336 a Термин вида содержания Текст
337 a Термин типа средства непосредственный
440 00 a Серия Библиотека поэта. Большая серия
p Название части Основана М.Горьким
650 a Основная рубрика художественная литература
653 00 a Ключевые слова XIX век
a Ключевые слова Россия
a Ключевые слова русская литература
655 00 a Жанр/ форма (устаревшее) поэзия
a Жанр/ форма (устаревшее) поэма
a Жанр/ форма (устаревшее) стихотворение
700 10 a Автор Федоров А.
e Роль лиц составитель; автор вступительной статьи; автор примечаний
901 t Тип документа m
952 a Тип литературы для КСУ ВШ ЛХИ